| 000 | 00734nam a2200241 a 4500 | ||
|---|---|---|---|
| 999 |
_c1075 _d1075 |
||
| 001 | 15342 | ||
| 003 | BD-DhUAP | ||
| 005 | 20200202145337.0 | ||
| 008 | 091027s2007 ii b 001 0 eng d | ||
| 020 | _a8170128862 | ||
| 040 |
_aBD-DhUAP _bEng _cBD-DhUAP _dBD-DhUAP |
||
| 082 | 0 | 4 |
_a347.5409 SIN _223 |
| 100 | 1 | _aSingh, Avtar. | |
| 245 | 1 | 0 |
_aLaw of arbitration and conciliation : _bincluding alternative dispute resolution systems / _cby Avtar Singh. |
| 250 | _a9th ed. | ||
| 260 |
_aLucknow : _bEastern Book Company, _cc2007. |
||
| 300 |
_alxx, 560 pages ; _c24 cm. |
||
| 500 | _aIncludes index. | ||
| 650 | 0 |
_aArbitration and award _zIndia. |
|
| 942 |
_2ddc _cBK |
||